Southville International School and Colleges
Your cart is empty.
  • Cart
  • Lists
    Public lists Eva Luna New books Lux_list list_1
    Your lists Log in to create your own lists
  • Log in to your account
  • Your cookies
  • Search history
Southville International School and Colleges
  • Advanced search
  • Recent comments
  • Most popular
  • Libraries

Log in to your account

Log in with GOOGLE


If you do not have an external account, but do have a local account, you can still log in:

  1. Home
  2. MARC view: Reflections /
Normal view MARC view ISBD view

Reflections / (Record no. 9256)

[ view plain ]
MARC details
000 -LEADER
fixed length control field 00614nam a22001937a 4500
003 - CONTROL NUMBER IDENTIFIER
control field SISC
005 - DATE AND TIME OF LATEST TRANSACTION
control field 20160301132320.0
008 - FIXED-LENGTH DATA ELEMENTS--GENERAL INFORMATION
fixed length control field 130824t xxu||||| |||| 00| 0 eng d
020 ## - INTERNATIONAL STANDARD BOOK NUMBER
International Standard Book Number 0586044884
050 ## - LIBRARY OF CONGRESS CALL NUMBER
Classification number PT 2617
Item number .H587 1977
082 ## - DEWEY DECIMAL CLASSIFICATION NUMBER
Classification number HS 838.91209
Item number H42 1977
100 ## - MAIN ENTRY--PERSONAL NAME
Personal name Hesse, Hermann
9 (RLIN) 12973
245 ## - TITLE STATEMENT
Title Reflections /
Statement of responsibility, etc Hermann Hesse; selected from his books and letters by Volker Michels; translated by Ralph Manheim.
260 ## - PUBLICATION, DISTRIBUTION, ETC. (IMPRINT)
Place of publication, distribution, etc London :
Name of publisher, distributor, etc Triad Paperbacks,
Date of publication, distribution, etc c1977.
300 ## - PHYSICAL DESCRIPTION
Extent 182 p. ;
Dimensions 18 cm.
650 ## - SUBJECT ADDED ENTRY--TOPICAL TERM
Topical term or geographic name as entry element 1877-1962
General subdivision Translations into English.
9 (RLIN) 12974
942 ## - ADDED ENTRY ELEMENTS (KOHA)
Source of classification or shelving scheme Library of Congress Classification
Koha item type Books
Holdings
Withdrawn status Lost status Source of classification or shelving scheme Damaged status Home library Current library Shelving location Date acquired Total Checkouts Full call number Barcode Date last seen Copy number Price effective from Koha item type
    Library of Congress Classification   Luxembourg Library Luxembourg Library High School Section 08/24/2013   PT 2617 .H587 1977 9578 08/24/2013 1 08/24/2013 Books

Reflections /

APA

Hesse H., . (1977). Reflections. London: Triad Paperbacks.

Chicago

Hesse Hermann, . 1977. Reflections. London: Triad Paperbacks.

Harvard

Hesse H., . (1977). Reflections. London: Triad Paperbacks.

MLA

Hesse Hermann, . Reflections. London: Triad Paperbacks. 1977.

  • Place hold
  • Print
  • Cite
  • Add to your cart (remove)
  • Save record
    BIBTEX Dublin Core MARCXML MARC (non-Unicode/MARC-8) MARC (Unicode/UTF-8) MARC (Unicode/UTF-8, Standard) MODS (XML) RIS
  • More searches
    Search for this title in:
    Other Libraries (WorldCat) Other Databases (Google Scholar) Online Stores (Bookfinder.com) Open Library (openlibrary.org)

Exporting to Dublin Core...

SOUTHVILLE LIBRARY

Southville International School and Colleges Library

1281 Tropical Ave. Cor. Luxembourg St., BF Homes International, Las Pinas City

Tel. No. 8256374 / 252358 Loc. 117/146

Powered by Koha